|
|
|
|
| LEADER |
01441nam a2200385 a 4500 |
| 001 |
c000182723 |
| 003 |
CARM |
| 005 |
20050427131835.0 |
| 008 |
840928s1985 mdua b 001 0 eng |
| 010 |
|
|
|a 84048796 //r89
|
| 019 |
1 |
|
|a 4203822
|z 45129637
|z 64964915
|5 LACONCORD2021
|
| 020 |
|
|
|a 0818605693 (pbk.)
|
| 020 |
|
|
|a 0818645695 (microfiche)
|
| 035 |
|
|
|a (OCoLC)12556682
|5 LACONCORD2021
|
| 040 |
|
|
|a LC
|b eng
|c LC
|d LC
|
| 050 |
|
4 |
|a QA76.76.T48
|b T88 1985
|
| 050 |
0 |
0 |
|a QA76.76.T48
|b T88 1985
|
| 082 |
0 |
0 |
|a 005.1
|2 19
|
| 082 |
0 |
4 |
|a 005.1
|2 19
|
| 245 |
0 |
0 |
|a Tutorial software quality assurance :
|b a practical approach /
|c [compiled by] Tsun S. Chow.
|
| 246 |
3 |
|
|a Software quality assurance
|
| 260 |
|
|
|a Silver Spring, MD :
|b IEEE Computer Society Press,
|c c1985.
|
| 300 |
|
|
|a vii, 497 p. :
|b ill. ;
|c 28 cm.
|
| 500 |
|
|
|a "IEEE catalog number EH0223-8."
|
| 500 |
|
|
|a "IEEE Computer Society order number 569."
|
| 504 |
|
|
|a Includes bibliographies and index.
|
| 650 |
|
0 |
|a Computer software
|x Testing.
|
| 650 |
|
0 |
|a Computer software
|x Quality control.
|
| 700 |
1 |
|
|a Chow, Tsun S.
|
| 710 |
2 |
|
|a IEEE Computer Society.
|
| 740 |
0 |
|
|a Software quality assurance.
|
| 852 |
8 |
|
|b CARM
|h AX:AXXXXX
|i X00000
|p 0249824
|z no loc
|f BK
|
| 866 |
|
0 |
|a Held
|
| 999 |
f |
f |
|i 9adb9d03-c930-59ab-a5a1-bd286be3a9b4
|s 6f955ee8-6b8e-5fa2-aa63-43877d62ff1c
|
| 952 |
f |
f |
|p Can circulate
|a CAVAL
|b CAVAL
|c CAVAL
|d CARM 1 Store
|e X00000
|f AX:AXXXXX
|h Other scheme
|i book
|m 0249824
|